| 000 | 00765nam a2200241 4500 | ||
|---|---|---|---|
| 001 | 00028611 | ||
| 005 | 20260320112941.0 | ||
| 008 | 260320b ag ||||| |||| 00| 0 spa d | ||
| 020 | _a9789508085610 | ||
| 040 |
_aAR-CcCEOS _bspa _cAR-CcCEOS |
||
| 041 | _aspa | ||
| 080 | _a321.7(8) | ||
| 090 | _bFER | ||
| 100 | 1 |
_aFernández, Arturo, _d1930- _9940 |
|
| 245 |
_aLa democracia en América Latina : _bPartidos políticos y movimientos sociales / _cArturo Fernández, Cecilia Lesgart |
||
| 250 | _a1ª ed., 1ª reimp. | ||
| 260 |
_aRosario : _bHomo Sapiens, _c2012. |
||
| 300 |
_a198 p. ; _c23x16 cm. |
||
| 655 | 0 |
_aciencias políticas _9941 |
|
| 700 | 1 |
_aLesgart, Cecilia _9942 |
|
| 942 |
_2udc _n0 _cBK |
||
| 999 |
_c28641 _d28641 |
||